Quizzes
Events
Quiz Creation
Community
Videos
Private Events
Remove Ads
Sign In
Join for FREE
Feedback
Dark Mode
Quiz Categories
Sports
Geography
Music
Movies
Television
Just For Fun
Miscellaneous
History
Literature
Language
Science
Gaming
Entertainment
Religion
Holiday
For Kids
Quiz Lab
Recent
Popular Today
Quiz Kudos Today
Editor Picks
Curator Picks
Quizzes by...
Day
Popularity
Type
Ratings
Length
Year
Community
Subscriptions
Recent Discussions
Orange Saloon
Badges
Playlists
Quests
Create
Leaderboards
Showdown
Live 5
Trivia Bingo
Activity
Puzzle Library
Sporcle Events
Private Events
Virtual Trivia
Globe League
Become a Host
Pub Owners
SporcleCon
Opinionation
Our Games
Videos
Blog
Mobile Apps
Partnerships
Remove Ads and Go Orange
Feedback
Sports
Athletes
MLB
NBA
NHL
NFL
Soccer
Sports Teams
WWE
NCAA
Football
Premier League
Basketball
Baseball
Hockey
Golf
Tennis
Cricket
Rugby
Auto Racing
Olympics
World Cup
Sports
Athletes
MLB
NBA
NHL
NFL
Soccer
Sports Teams
WWE
NCAA
Football
Premier League
Basketball
Baseball
Hockey
Golf
Tennis
Cricket
Rugby
Auto Racing
Olympics
World Cup
Random Quiz
Search Sporcle
×
Quiz Lab
Quiz Lab
Sports
NFL
Type in answers that appear in a list
Type in answers that appear in a list
Classic
Best Score? Go Orange.
NFL Teams by Record Temperatures Stats
Can you name the NFL teams by their cities' highest and lowest temperatures?
By
nut
10m
32 Questions
155 Plays
155 Plays
155 Plays
Comments
Comments
Give Quiz Kudos
Give Quiz Kudos
-
- Ratings
hide this ad
More Info
Forced Order
Answers have to be entered in order
Answers have to be entered in order
Replay
Link that replays current quiz
Next Quiz
Link to next quiz in quiz playlist
You Got
0%
They Got
Avg Score
41%
Avg Friend Score
Upgrade to see
Score Distribution
Jump to the score distribution portion of the page
Score
0/32
Timer
10:00
0
Plays Today
Record High/Low (degrees F)
Team
% Correct
118/
19
Arizona Cardinals
89%
104/
-
33
Green Bay Packers
55.5%
112/
1
Dallas Cowboys
54.8%
115/
-
22
St. Louis Rams
52.3%
96/
-
30
Buffalo Bills
49.7%
108/
-
41
Minnesota Vikings
49.7%
102/
-
4
New York Jets
44.5%
111/
29
San Diego Chargers
44.5%
102/
-
4
New York Giants
43.9%
104/
-
24
Chicago Bears
42.6%
100/
27
Miami Dolphins
41.3%
112/
-
19
Kansas City Chiefs
41.3%
96/
11
Seattle Seahawks
40.6%
109/
5
Houston Texans
40%
104/
-
20
Cleveland Browns
38.1%
103/
23
San Francisco 49ers
38.1%
Record High/Low (degrees F)
Team
% Correct
109/
26
Oakland Raiders
38.1%
106/
-
11
Philadelphia Eagles
37.4%
108/
-
16
Cincinnati Bengals
37.4%
102/
-
19
New England Patriots
36.8%
99/
18
Tampa Bay Buccaneers
36.8%
112/
-
27
Indianapolis Colts
36.8%
104/
-
20
Detroit Lions
36.1%
107/
-
17
Tennessee Titans
35.5%
102/
7
New Orleans Saints
34.8%
103/
-
24
Denver Broncos
34.8%
101/
-
19
Pittsburgh Steelers
33.5%
107/
-
7
Baltimore Ravens
32.3%
104/
-
9
Washington Redskins
32.3%
102/
-
10
Atlanta Falcons
32.3%
104/
-
5
Carolina Panthers
31.6%
105/
7
Jacksonville Jaguars
29.7%
Quiz Playlist
Details
Report
Send in Message
Add To Playlist
More Info:
Temperatures are for the cities in which the stadium is located.
Classic:
Type in answers that appear in a list
Forced Order:
Answers have to be entered in order
Last Updated: Feb 16, 2017
Quiz Scoreboard
CHALLENGE
Sign Up to Join the Scoreboard
Show All
Scores
Hide
Comments
May contain spoilers
Recently Published
Women Country Music Singer Match-Up
by babymonkee
Music
5m
TV Characters by Other Roles V
by ghcgh
Television
5m
Decade Duel: World Leaders
by jenniferyan
History
4m
More to Explore
Quiz From the Vault
Featured Blog Post
15 Basketball Trivia Facts You Can Be March Mad About
hide this ad
You Might Also Like...
Tags
City Quiz
NFL Quiz
degree
highest
Low
Lowest
record
team
Temperature
Today's Top Quizzes in Sports
Browse Sports
hide this ad
Today's Top Quizzes in NFL
Browse NFL
Top Contributed Quizzes in Sports
1
MLB 2 truths and a lie: Hall of Fame pitchers
2
Les joueurs à 100 buts en Ligue 1 Uber Eats
3
2022 World Cup Stars
4
Pick 6: NFL Teams
5
Pick 6: Minor League Baseball
6
Millionaire: NBA Finals Edition
7
50+ Goals in European Competition
8
Click the 1998 NBA Draft
9
Pick 6: Olympics
10
Iconic Moments in Football - Multiple Choice
Explore More
Trending Topics
Kpop
Anime
Marvel
Harry Potter
Crossword
NBA
Disney
NFL
The Office
Country
WWE
Song
Pokémon
Puzzle
Soccer
hide this ad
More By:
nut
Quiz
Plays
Rating
Category
Featured
Created
Country + Capital Fewest Letters
99,122
4.60
Geography
Nov 15, 2009
Double OU words
68,717
4.00
Language
Mar 3, 2010
Classic Simpsons Trivia
5,267
4.20
Television
Dec 19, 2009
Super Bowl winning QB alma maters
3,571
4.19
Sports
Feb 18, 2010
US States By Forested Land
743
3.00
Geography
Nov 21, 2010
Go to Creator's Profile
Score Distribution
Quiz Creator Spotlight
nut
Follow
Send a Message
Quizzes Created
-
Created Quiz Play Count
-
More By This Creator
Popular Quizzes Today
1
Countries of Asia Without Outlines Minefield
2
Find the US States - No Outlines Minefield
3
Pick 6: Fruits
4
The Countries of the World
5
Find the Countries of Europe - No Outlines Minefield
6
Alphabetical 'K' Countries by Flag Minefield
7
Find the US States
8
US States
More Sports Quizzes
Just Survived EPL Relegation
Curator's Pick
Trending Quizzes
Pick 6: Mountains
Pick 6: Harry Potter
Pick 6: NFL Teams
Pick 6: Flags
C Names for Actors
Recently Updated
Adaptations: Name the Title
pecheneg
NWSL Teams
pecheneg
Women's Final Four Teams by Year
bhenderson79
Presidents Quartet II
eogle
Anything But Clue(do)
eogle
Anything But Oceanian Capitals
eogle
Anything But 7
eogle
Anything But Thing
eogle
Word Ladder: February 29
pecheneg
Song Title Questions
pecheneg
Trending Topics
Harry Potter
Anime
Crossword
Disney
NBA
Kpop
Marvel
NFL
Song
Pokémon
Soccer
Puzzle
WWE
The Office
Country
Your Account Isn't Verified!
In order to create a playlist on Sporcle, you need to verify the email address you used during registration. Go to your
Sporcle Settings
to finish the process.
Report this User
Report this user for behavior that violates our
Community Guidelines
.
Details:
Send Report
Go to the Sporcle.com Mobile Site →
Comments